000 00362pab a2200145 454500
008 180718b1989 xxu||||| |||| 00| 0 eng d
100 _aRao, S.L.
245 _aPublic sector and the marketing concept
260 _c1989
300 _aM-178-80
362 _a25 Nov.
650 _aGovernment Enterprise
773 _aEconomic and Political Weekly
909 _a9176
999 _c9176
_d9176